| 000 | 00445nam a22001457a 4500 | ||
|---|---|---|---|
| 999 |
_c531544 _d531544 |
||
| 003 | NUST | ||
| 038 | _aNusrat Nadeem | ||
| 082 | _a004 RAM | ||
| 100 |
_a Rehman Syed Rameez _924369 |
||
| 245 |
_aMS/Thesis:A Framework for Cardboard based Augmented Reality _cSyed Rameez Rehman |
||
| 260 |
_aIslamabad _bRCMS NUST _c2018 |
||
| 600 |
_xDepartment of Computational Engineering _924370 |
||
| 700 | _4Dr. Shahzad Rasool(Supervisor) | ||
| 942 |
_2ddc _cTHE |
||